Pokémon Tcg : Nom de toutes les séries - Statistiques

Statistiques générales
  • Ce quiz a été pris 42 fois
    13 depuis la dernière actualisation
  • Le résultat moyen est 40 sur 135
Statistiques - réponses
Les Différents Blocs Nom des Séries % Correct
Bloc Noir et Blanc Noir et Blanc
88%
bloc wizards Set de base
88%
Bloc Soleil et Lune Soleil et Lune
75%
Bloc XY XY
75%
bloc wizards Jungle
63%
bloc wizards Neo Genesis
63%
bloc wizards Team Rocket
63%
Bloc Diamant et Perle Tempête
63%
bloc wizards Aquapolis
50%
Bloc épée et Bouclier Célébrations
50%
Bloc Ex Deoxys
50%
Bloc Diamant et Perle Diamant et Perle
50%
Bloc Ex Dragon
50%
Bloc écarlate et violet écarlate et violet
50%
Bloc Ex Emeraude
50%
Bloc Ex Espèce Delta
50%
Bloc XY étincelles
50%
Bloc XY évolutions
50%
Bloc Ex Fantômes Holon
50%
Bloc Ex Forces cachées
50%
bloc wizards Fossile
50%
Bloc Ex Gardiens du Pouvoir
50%
bloc wizards Neo Destiny
50%
bloc wizards Neo Discovery
50%
bloc wizards Neo Revelation
50%
Bloc Ex Rubis et Saphir
50%
Bloc Noir et Blanc Tempête Plasma
50%
Bloc écarlate et violet 151
38%
Bloc écarlate et violet Aventures Ensemble
38%
Bloc Noir et Blanc Coffre des Dragons
38%
Bloc Ex Créateurs de Légendes
38%
Bloc HeartGold Soulsilver Déchaînement
38%
Bloc épée et Bouclier épée et Bouclier
38%
bloc wizards Expedition
38%
Bloc Noir et Blanc Explorateurs Obscurs
38%
Bloc Noir et Blanc Explosion Plasma
38%
Bloc écarlate et violet Flamme blanche
38%
Bloc Ex Gardiens de Cristal
38%
Bloc HeartGold Soulsilver HeartGold Soulsilver
38%
Bloc Ex Iles des Dragons
38%
bloc wizards Legendary Collection
38%
Bloc Ex Légendes Oubliées
38%
Bloc écarlate et violet Mascarade Crépusculaire
38%
Mega Evolutions Méga-Evolution
38%
Bloc Noir et Blanc Nobles Victoires
38%
Bloc Platine Platine
38%
Bloc écarlate et violet Rivalités Déstinées
38%
bloc wizards Skyridge
38%
Bloc Ex Team Rocket Returns
38%
Bloc épée et Bouclier Tempête Argentée
38%
Bloc Soleil et Lune Tempête Céleste
38%
Bloc Ex Tempête de sable
38%
Bloc Diamant et Perle Trésors Mystérieux
38%
Bloc épée et Bouclier Zenith Suprème
38%
Bloc Platine Arceus
25%
Bloc épée et Bouclier Astres Radieux
25%
bloc wizards Base set 2
25%
Pokémon Tcgp (mobile) Choc Spatio-Temporel
25%
Bloc XY Ciel Rugissant
25%
Bloc écarlate et violet Destinées de Paldea
25%
Bloc Noir et Blanc Dragons Exaltés
25%
Bloc Diamant et Perle Duels au Sommet
25%
Bloc Soleil et Lune Duo De Choc
25%
Bloc écarlate et violet étincelles Déferlantes
25%
Bloc Diamant et Perle Eveil des Légendes
25%
Bloc épée et Bouclier évolution céleste
25%
Bloc écarlate et violet évolution Prismatiques
25%
Bloc écarlate et violet évolutions à Paldea
25%
Bloc écarlate et violet Faille Paradoxe
25%
Mega Evolutions Flammes Fantasmagoriques
25%
Bloc écarlate et violet Flammes Obsidiennes
25%
Bloc écarlate et violet Forces Temporelles
25%
Bloc écarlate et violet Foudre noire
25%
Bloc Noir et Blanc Frontières Franchies
25%
Bloc Soleil et Lune Gardiens Ascendants
25%
Bloc XY Générations
25%
Bloc Noir et Blanc Glaciation Plasma
25%
bloc wizards Gym Challenge
25%
bloc wizards Gym Heroes
25%
Bloc XY Impact des Destins
25%
Bloc HeartGold Soulsilver indomptable
25%
Pokemon Tcgp (mobile) La clairière d'évoli
25%
Pokemon Tcgp (mobile) Méga-Ascension
25%
Bloc Diamant et Perle Merveilles Secretes
25%
Bloc épée et Bouclier Poing de Fusion
25%
Bloc XY Poings Furieux
25%
Bloc Noir et Blanc Pouvoirs émergents
25%
Pokémon Tcgp (mobile) Puissance Génétique
25%
Bloc Platine Rivaux émergeants
25%
Bloc Ex Rouge feu et Vert feuille
25%
Bloc XY Rupture Turbo
25%
Pokemon Tcgp (mobile) Sagesse entre ciel et mer
25%
Pokemon Tcgp (mobile) Source secrète
25%
Bloc Ex Team Magma VS Team Aqua
25%
Bloc HeartGold Soulsilver Triomphe
25%
Bloc Platine Vainqueurs Suprêmes
25%
Bloc Soleil et Lune Alliance infaillible
13%
Bloc épée et Bouclier Clash des Rebelles
13%
Pokemon Tcgp (mobile) Crise Interdimensionnelle
13%
Bloc Noir et Blanc Destinée Futures
13%
Bloc Soleil et Lune Destinées Occultes
13%
Bloc épée et Bouclier Destinées Radieuses
13%
Bloc XY Double Danger
13%
Pokémon Tcgp (mobile) Gardiens Astraux
13%
Bloc Soleil et Lune Harmonie des Esprits
13%
Bloc XY impulsion Turbo
13%
Bloc Soleil et Lune Invasion Carmin
13%
Bloc Appel des légendes l'appel des légendes
13%
Bloc épée et Bouclier La voie du Maître
13%
Bloc Noir et Blanc Legendary Treasures
13%
Bloc Soleil et Lune Lumière interdite
13%
Pokémon Tcgp (mobile) Lumière Triomphale
13%
Bloc Soleil et Lune Majesté des Dragons
13%
Bloc XY Offensive Vapeur
13%
Bloc Soleil et Lune Ombres Ardentes
13%
Bloc épée et Bouclier Origine Perdue
13%
Bloc XY origines Antiques
13%
Bloc épée et Bouclier Pokémon Go
13%
Bloc XY Primo-choc
13%
Bloc épée et Bouclier Règne de Glace
13%
Pokémon Tcgp (mobile) Réjouissances Rayonnantes
13%
Bloc épée et Bouclier Stars étincelantes
13%
Bloc épée et Bouclier Styles de Combat
13%
Bloc épée et Bouclier Ténèbres Embrasées
13%
Bloc Soleil et Lune Tonnerre Perdu
13%
Bloc Soleil et Lune Ultra-Prisme
13%
Bloc XY Vigeur Spectrale
13%
Bloc épée et Bouclier Voltage éclatant
13%
Bloc Diamant et Perle Aube Majestueuse
0%
Pokemon Tcgp (mobile) Booster de luxe Ex
0%
Bloc écarlate et violet Couronne Stellaire
0%
Bloc Soleil et Lune éclipse Cosmiques
0%
Bloc écarlate et violet Fable Nébuleuse
0%
Bloc Soleil et Lune Légendes Brillantes
0%
Pokémon Tcgp (mobile) L'île Fabuleuse
0%
Aucun quiz correspondant
Distribution des résultats
% des personnes avec chaque résultat
Percentile par nombre de réponses
Votre historique - résultats
Vous n’avez pas pris ce quiz depuis la dernière actualisation